Nezamestnanosť ako makroekonomický problém
Gespeichert in:
| 1. Verfasser: | |
|---|---|
| Format: | Buch |
| Sprache: | Slowakisch |
| Veröffentlicht: |
Bratislava
IURA EDITION
2005
|
| Ausgabe: | 2. preprac. a dopln. vyd. |
| Schriftenreihe: | Ekonómia
Makroekonómia 7 |
| Schlagworte: | |
| Tags: |
Keine Tags, Fügen Sie das erste Tag hinzu!
|
MARC
| LEADER | 00000nam$a2200000$$$4500 | ||
|---|---|---|---|
| 001 | 0027417 | ||
| 005 | 20240502071428.7 | ||
| 020 | |a 80-8078-038-2 | ||
| 041 | 0 | |a slo | |
| 044 | |a SK | ||
| 245 | 1 | 0 | |a Nezamestnanosť ako makroekonomický problém |c Marta Martincová |
| 250 | |a 2. preprac. a dopln. vyd. | ||
| 264 | 1 | |a Bratislava |b IURA EDITION |c 2005 | |
| 300 | |a 127 s. | ||
| 490 | 1 | |a Ekonómia | |
| 830 | 0 | |a Ekonómia | |
| 490 | 1 | |a Makroekonómia 7 | |
| 830 | 0 | |a Makroekonómia 7 | |
| 610 | 2 | 0 | |a nezamestnanosť |
| 610 | 2 | 0 | |a trh práce |
| 610 | 2 | 0 | |a miera nezamestnanosti |
| 610 | 2 | 0 | |a modely |
| 610 | 2 | 0 | |a keynesizmus |
| 610 | 2 | 0 | |a rast hospodársky |
| 610 | 2 | 0 | |a inflácia |
| 610 | 2 | 0 | |a Phillipsova krivka |
| 610 | 2 | 0 | |a Slovensko |
| 610 | 2 | 0 | |a Európska únia |
| 100 | 1 | |a Martincová, Marta, 1955- | |